000 00674nam a2200253Ia 4500
003 OSt
005 20221005031949.0
006 a|||||r|||| 00| 0
007 ta
008 221004b |||||||| |||| 00| 0 san d
020 _c01
024 _a64355
037 _cTextual
040 _aCRL
_cCRL
_bsan
041 _2san
_asan
082 _aO15,1A2, 31w3J8
100 _aRamnath Sarasvathi Au.
_9584570
245 0 _aDheva Virathan
260 _aChennai
_bStar Publications India
_c1958
300 _a28p.
_ccm.
650 _aSANSKRIT LITERATURE
942 _hO15,1A2, 31w3J8
_cTEXL
_2cc
999 _c938788
_d938788